[Event "ch-FRA Blitz Online Qual"]
[Site "Europe-Chess INT"]
[Date "2020.05.16"]
[Round "3"]
[White "Paralieu, Emma"]
[Black "Carlier-Bromberg, Paul"]
[Result "0-1"]
[WhiteElo "1312"]
[BlackElo "1790"]
[WhiteFideId "45154163"]
[BlackFideId "36099155"]
[EventDate "2020.05.16"]

1. e4 e5 2. Nf3 Nc6 3. Bc4 Bc5 4. c3 Nf6 5. d3 d6 6. h3 Be6 7. Bb5 Bd7 8. a4 a6
9. Bc4 Be6 10. Ba2 O-O 11. b4 Ba7 12. Na3 Re8 13. Be3 Bxa2 14. Rxa2 d5 15. O-O
dxe4 16. dxe4 Bxe3 17. fxe3 Nxe4 18. Qb3 Qd3 19. Qxf7+ Kxf7 20. Nxe5+ Kg8 21.
Nxd3 Nxc3 22. Raf2 Ne4 23. Rf4 Nf6 24. Nc2 Rad8 25. Rd1 Ne5 26. Nb2 Rxd1+ 27.
Nxd1 Ng6 28. Rc4 c6 29. b5 axb5 30. axb5 cxb5 31. Rc5 Rd8 32. Nf2 Rd2 33. Nd4 b4
34. Rb5 Rb2 35. Rxb7 Nd5 36. Rb8+ Kf7 37. Rb7+ Kf6 38. Rb5 Nxe3 39. Ng4+ Nxg4
40. hxg4 Ne5 41. g5+ Kxg5 42. Rxe5+ Kf6 43. Rb5 g6 44. Kh2 h5 45. Kh3 g5 46. g3
g4+ 47. Kh4 Rh2# 0-1

[Event "ch-FRA Blitz Online Qual"]
[Site "Europe-Chess INT"]
[Date "2020.05.16"]
[Round "3"]
[White "Varin, Timeo"]
[Black "Chung, Mathilde"]
[Result "0-1"]
[BlackTitle "WFM"]
[WhiteElo "1287"]
[BlackElo "2083"]
[WhiteFideId "45117527"]
[BlackFideId "676446"]
[EventDate "2020.05.16"]

1. e4 c5 2. Nf3 Nc6 3. d4 cxd4 4. Nxd4 Qb6 5. Nxc6 bxc6 6. Nc3 e5 7. Bc4 Nf6 8.
Bb3 Bb4 9. Bd2 O-O 10. O-O Bxc3 11. Bxc3 Qc7 12. Qf3 d6 13. h3 a5 14. a3 a4 15.
Ba2 Ba6 16. Rfe1 Rad8 17. Rad1 Rfe8 18. Bb4 Bb7 19. Qc3 Qb8 20. Ba5 Rd7 21. Re2
d5 22. exd5 cxd5 23. Qb4 e4 24. f3 exf3 25. Rxe8+ Nxe8 26. gxf3 Qg3+ 27. Kf1
Qxf3+ 28. Kg1 Qg3+ 29. Kf1 Ba6+ 30. c4 Qf3+ 31. Ke1 Qe3+ 32. Kf1 Qxh3+ 33. Ke1
Qe3+ 34. Kf1 dxc4 35. Rxd7 c3+ 36. Bc4 Qf4+ 37. Kg1 Bxc4 38. Qe7 Qg3+ 39. Kh1
Qf3+ 40. Kh2 Qf2+ 41. Kh3 Bf1+ 42. Kg4 Qg2+ 43. Kf4 Qf2+ 44. Ke5 Qe3+ 45. Kd5
Bg2+ 46. Kc4 Bf1+ 47. Kb4 Qf4+ 48. Kxc3 Qc1+ 49. Kb4 Qc4# 0-1

[Event "ch-FRA Blitz Online Qual"]
[Site "Europe-Chess INT"]
[Date "2020.05.16"]
[Round "3"]
[White "Villevieille, Theo"]
[Black "Ros, David"]
[Result "0-1"]
[WhiteElo "1109"]
[BlackElo "1767"]
[WhiteFideId "45177970"]
[BlackFideId "36079103"]
[EventDate "2020.05.16"]

1. e4 e6 2. d4 d5 3. exd5 exd5 4. Bd3 Nf6 5. Bf4 Be6 6. Ne2 Nbd7 7. Nbc3 c5 8.
O-O c4 9. Bxc4 dxc4 10. Ng3 Be7 11. Re1 O-O 12. d5 Bg4 13. f3 Bh5 14. d6 Re8 15.
dxe7 Rxe7 16. Bd6 Rxe1+ 17. Qxe1 Qb6+ 18. Qf2 Qxd6 19. Re1 Qc5 20. Qxc5 Nxc5 21.
Nf5 Bg6 22. Nd6 Bxc2 23. Kf2 Nd3+ 24. Kf1 Nxe1 25. Kxe1 b6 26. g4 h6 27. h4 Rd8
28. Nb7 Rd7 29. h5 Rxb7 30. Kd2 Bd3 31. b3 b5 32. bxc4 bxc4 33. a3 Rb2+ 34. Ke3
Rb3 35. Kd4 Rxa3 36. Nb5 Ra5 37. Nc7 Be2 38. Ke3 Nd5+ 39. Kxe2 Nxc7 40. Kd1 Ra3
41. Kc2 Rxf3 42. g5 hxg5 43. h6 gxh6 44. Kd2 g4 45. Ke2 c3 46. Ke1 c2 47. Ke2
Rc3 48. Kf2 c1=Q 49. Ke2 Qb2+ 0-1

[Event "ch-FRA Blitz Online Qual"]
[Site "Europe-Chess INT"]
[Date "2020.05.16"]
[Round "3"]
[White "Sere, Nicolas"]
[Black "Rigaud-Retourne, Mael"]
[Result "1-0"]
[WhiteElo "1753"]
[BlackElo "1103"]
[WhiteFideId "36014320"]
[BlackFideId "45167478"]
[EventDate "2020.05.16"]

1. e4 e5 2. Nf3 Nc6 3. Bb5 Bc5 4. c3 Nf6 5. O-O d6 6. d4 exd4 7. cxd4 Bb4 8. a3
Ba5 9. b4 Bb6 10. d5 a6 11. Ba4 Bxf2+ 12. Rxf2 b5 13. dxc6 bxa4 14. Nc3 O-O 15.
Bg5 h6 16. Bxf6 Qxf6 17. Qd4 Qg6 18. Raf1 Bg4 19. Nh4 Qg5 20. Nf5 Bxf5 21. Rxf5
Qg6 22. Nd5 Rac8 23. Ne7+ Kh7 24. Nxg6 fxg6 25. Rxf8 Re8 26. Rxe8 d5 27. Rf7 h5
28. Qxg7# 1-0

[Event "ch-FRA Blitz Online Qual"]
[Site "Europe-Chess INT"]
[Date "2020.05.16"]
[Round "3"]
[White "Schrefheere, Anthime"]
[Black "Lequang, Enzo"]
[Result "0-1"]
[WhiteElo "1750"]
[BlackElo "1068"]
[WhiteFideId "657646"]
[BlackFideId "551052911"]
[EventDate "2020.05.16"]

1. e4 e5 2. Nc3 Nf6 3. f4 d6 4. Nf3 Bg4 5. Bc4 Nc6 6. O-O Nd4 7. d3 Nxf3+ 8.
Rxf3 Bxf3 9. Qxf3 Be7 10. Bd2 O-O 11. Rf1 c6 12. Kh1 d5 13. exd5 cxd5 14. Nxd5
exf4 15. Bxf4 Rc8 16. Nxf6+ Bxf6 17. Qxb7 Ra8 18. Bd5 Rc8 19. c3 a5 20. d4 Re8
21. Qxf7+ Kh8 22. Be6 Re7 23. Qg8+ Qxg8 24. Bxg8 Rxg8 25. Bd6 Rd7 26. Bc5 Rgd8
27. g3 h6 28. Kg2 Rb7 29. Ba3 Re8 30. Kf3 Bg5 31. Rd1 Re3+ 32. Kg4 Re2 33. h4
Bf6 34. d5 Rd7 35. d6 Re6 36. Rd5 Be5 37. Rxa5 Bxd6 38. b4 Ree7 39. Ra8+ Kh7 40.
Bb2 Ra7 41. Rxa7 Rxa7 42. a3 Be7 43. c4 Bf6 44. Bc1 Rc7 45. c5 Rc8 46. a4 Ra8
47. a5 Bc3 48. Ba3 Rb8 49. Kf5 Bxb4 50. Bxb4 Rxb4 51. a6 Ra4 52. Ke6 Rxa6+ 53.
Kd7 Ra5 54. c6 Rc5 55. c7 Kg6 56. g4 h5 57. gxh5+ Kxh5 58. c8=Q Rxc8 59. Kxc8
Kxh4 60. Kd7 g5 61. Ke6 g4 0-1

[Event "ch-FRA Blitz Online Qual"]
[Site "Europe-Chess INT"]
[Date "2020.05.16"]
[Round "3"]
[White "Galhaud, Jean-Philippe"]
[Black "Manvieu, Paul"]
[Result "1-0"]
[WhiteElo "1749"]
[BlackElo "1018"]
[WhiteFideId "26001349"]
[BlackFideId "651000482"]
[EventDate "2020.05.16"]

1. e4 e6 2. d4 d5 3. Nd2 dxe4 4. Nxe4 Nd7 5. Nf3 Ngf6 6. Bg5 Be7 7. Nxf6+ Nxf6
8. Bd3 h6 9. Bh4 c5 10. dxc5 Bxc5 11. O-O g5 12. Bb5+ Bd7 13. Bxd7+ Qxd7 14. Bg3
O-O-O 15. Ne5 Qe7 16. Qe2 Nd5 17. a3 Bb6 18. c4 Nf4 19. Bxf4 gxf4 20. c5 Bxc5
21. Rac1 f6 22. Nf3 Rhg8 23. b4 Kb8 24. Rxc5 Qg7 25. g3 fxg3 26. fxg3 f5 27.
Qxe6 f4 28. Qe5+ Ka8 29. Qxg7 Rxg7 30. Kg2 fxg3 31. hxg3 Rdg8 32. Nh4 Rxg3+ 33.
Kf2 R3g7 34. Ke3 Re7+ 35. Kd2 Rd8+ 36. Kc3 Re3+ 37. Kb2 Rd2+ 38. Rc2 Rdd3 39.
Rf8+ Re8 40. Rxe8+ Rd8 41. Rxd8# 1-0

[Event "ch-FRA Blitz Online Qual"]
[Site "Europe-Chess INT"]
[Date "2020.05.16"]
[Round "3"]
[White "Cornileau, Raphael"]
[Black "Viennois, Romain"]
[Result "0-1"]
[WhiteElo "1397"]
[BlackElo "1981"]
[WhiteFideId "45105790"]
[BlackFideId "634204"]
[EventDate "2020.05.16"]

1. e4 e5 2. Nf3 Nc6 3. Nc3 Nf6 4. d4 exd4 5. Nxd4 Bb4 6. Nxc6 bxc6 7. Bd3 d5 8.
exd5 cxd5 9. O-O O-O 10. h3 h6 11. Bd2 c6 12. Qf3 Ba5 13. a3 Be6 14. Bf5 Qd7 15.
Bxe6 fxe6 16. Qe2 Rae8 17. Rfe1 Bc7 18. Qd3 e5 19. Qa6 Bb8 20. Qd3 e4 21. Qe2
Qd6 22. Qd1 Qh2+ 23. Kf1 Qh1+ 24. Ke2 Qxg2 25. Rg1 Qf3+ 26. Ke1 Kh7 27. Qxf3
exf3+ 28. Kf1 Ne4 29. Nxe4 Rxe4 30. Be3 d4 31. Bd2 Bc7 32. Re1 Rfe8 33. Rxe4
Rxe4 34. Rg4 Re2 35. Rxd4 Bb6 36. Rd3 Rxf2+ 37. Ke1 Re2+ 38. Kf1 g5 39. Bc3 Rxc2
40. Rxf3 Kg6 41. Rf6+ Kh5 42. Rxc6 Rh2 43. Bg7 Rxh3 44. Rxh6+ Kg4 45. Rxh3 Kxh3
46. b4 g4 47. Be5 g3 48. Bxg3 Kxg3 49. a4 Kf3 50. a5 Bd4 51. b5 Be5 52. Ke1 Ke3
53. Kd1 Kd3 54. b6 a6 55. b7 Kc4 56. Kc2 Kb5 57. Kb3 Kxa5 58. Ka3 Kb5 59. Kb3
Kb6 60. Ka4 Ka7 61. Ka5 Bc7+ 62. Kb4 a5+ 63. Ka4 Kxb7 64. Kb5 Ka7 65. Ka4 Ka6
66. Ka3 Kb5 67. Kb3 Bd6 68. Ka2 Kb4 69. Kb1 Be5 70. Ka2 a4 71. Kb1 a3 72. Ka2
Ka4 73. Kb1 Kb3 0-1

[Event "ch-FRA Blitz Online Qual"]
[Site "Europe-Chess INT"]
[Date "2020.05.16"]
[Round "3"]
[White "Pierre, Timothee"]
[Black "Barbaggi, Sasha"]
[Result "0-1"]
[WhiteElo "1858"]
[BlackElo "1375"]
[WhiteFideId "643076"]
[BlackFideId "551018780"]
[EventDate "2020.05.16"]

1. f4 d5 2. Nf3 Nf6 3. e3 Nc6 4. b3 e6 5. Bb2 Bd6 6. Be2 O-O 7. O-O Bd7 8. d3
Qe7 9. Qe1 e5 10. fxe5 Nxe5 11. Bd1 Nxf3+ 12. Rxf3 Be5 13. d4 Bd6 14. c4 Bg4 15.
Rxf6 Qxf6 16. Bxg4 dxc4 17. bxc4 Rfe8 18. c5 Bf8 19. Nd2 Qg5 20. Bf3 Rxe3 21.
Qf2 c6 22. Rf1 Ree8 23. Ne4 Qh6 24. Bc1 Qe6 25. Ng5 Qf6 26. Qh4 h6 27. Ne4 Qxh4
28. Be3 Rxe4 29. Bxe4 Qxe4 30. Bf2 0-1

[Event "ch-FRA Blitz Online Qual"]
[Site "Europe-Chess INT"]
[Date "2020.05.16"]
[Round "3"]
[White "Farthouat, Titoine"]
[Black "Courcelle, Victor"]
[Result "1-0"]
[WhiteElo "1652"]
[BlackElo "1314"]
[WhiteFideId "36015660"]
[BlackFideId "45177392"]
[EventDate "2020.05.16"]

1. e4 c5 2. Nf3 Nc6 3. d4 cxd4 4. Nxd4 e5 5. Nb5 d6 6. c4 Nf6 7. N1c3 Be7 8. Bd3
a6 9. Na3 O-O 10. O-O Nb4 11. h3 Nxd3 12. Qxd3 b6 13. Be3 Rb8 14. Nc2 Bd7 15.
Nb4 a5 16. Nbd5 Nxd5 17. Nxd5 Be6 18. Nxe7+ Qxe7 19. Rfd1 Qc7 20. b3 Rfd8 21.
Rd2 Rd7 22. Rad1 Rbd8 23. Qe2 f6 24. f3 Qb8 25. Qf2 Rb7 26. Rd3 b5 27. cxb5 Rxb5
28. Qd2 Rb7 29. Rxd6 Rxd6 30. Qxd6 Qxd6 31. Rxd6 Bf7 32. Rd8+ 1-0

[Event "ch-FRA Blitz Online Qual"]
[Site "Europe-Chess INT"]
[Date "2020.05.16"]
[Round "3"]
[White "Anselin, Djavan"]
[Black "Muller, Patrick"]
[Result "0-1"]
[WhiteElo "1499"]
[BlackElo "1582"]
[WhiteFideId "36080713"]
[BlackFideId "20669216"]
[EventDate "2020.05.16"]

1. e4 e5 2. f4 d6 3. Nf3 Nc6 4. Bc4 Bg4 5. c3 Nf6 6. d3 Be7 7. O-O O-O 8. h3
Bxf3 9. Qxf3 exf4 10. Bxf4 Ne5 11. Bxe5 dxe5 12. Nd2 c6 13. a4 a6 14. Kh1 Qd6
15. Rad1 b5 16. axb5 axb5 17. Bb3 Rfe8 18. g4 h6 19. h4 g5 20. hxg5 hxg5 21. Kg2
Kg7 22. Rh1 Rh8 23. Rxh8 Rxh8 24. Rh1 Rxh1 25. Kxh1 Qd7 26. Qf5 Qxd3 27. Qxg5+
Kf8 28. Qh6+ Kg8 29. Qg5+ Kf8 30. Kg2 Qe2+ 31. Kg1 Qxg4+ 32. Qxg4 Nxg4 33. Nf3
f6 34. Kg2 Ne3+ 35. Kg1 c5 36. Kf2 Ng4+ 37. Kg3 Nh6 38. Bd5 b4 39. cxb4 cxb4 40.
b3 Kg7 41. Nh4 Nf7 42. Nf5+ Kf8 43. Nxe7 Kxe7 44. Kg4 Nd6 45. Kf3 Nb5 46. Bc4
Nc3 47. Ke3 Kd6 48. Kf3 Kc5 49. Kg4 Kd4 50. Kf5 Nxe4 51. Bg8 Nd6+ 52. Kxf6 e4
53. Be6 e3 54. Bg4 Ke4 55. Ke6 Nb5 56. Kd7 Kd4 57. Kc6 Na3 58. Kb6 Kc3 59. Bd1
Nc2 60. Bh5 Kxb3 61. Kb5 Kc3 62. Kc5 b3 63. Bg6 b2 64. Bxc2 Kxc2 65. Kd4 e2 66.
Ke3 e1=Q+ 67. Kf3 b1=R 68. Kg4 Rb3 69. Kg5 Qe4 70. Kf6 Rb5 71. Kf7 Rb6 72. Kg7
Rd6 73. Kf8 Qb7 74. Ke8 Rh6 75. Kf8 Rh8# 0-1

[Event "ch-FRA Blitz Online Qual"]
[Site "Europe-Chess INT"]
[Date "2020.05.16"]
[Round "3"]
[White "Muller, Lorelei"]
[Black "Joly, Charlotte"]
[Result "0-1"]
[WhiteElo "1541"]
[BlackElo "1454"]
[WhiteFideId "20669208"]
[BlackFideId "36022292"]
[EventDate "2020.05.16"]

1. e4 d5 2. exd5 Qxd5 3. Nc3 Qa5 4. d3 c6 5. Bd2 Qc7 6. Nf3 Nf6 7. Be2 Bg4 8. h3
Bxf3 9. Bxf3 e6 10. O-O Bd6 11. Ne4 Nxe4 12. Bxe4 Nd7 13. a3 Nf6 14. Qe2 Nxe4
15. Qxe4 O-O 16. Rae1 Rad8 17. Re3 Be7 18. Rg3 Bf6 19. Qg4 Rd4 20. Qf3 Rd5 21.
Bh6 Rf5 22. Qe4 Qe5 23. Qxe5 Rxe5 24. d4 Re2 25. Be3 Rd8 26. c3 Rxb2 27. Ra1 Rc2
28. Bf4 Bh4 29. Rg4 Bf6 30. Rg3 g6 31. Rf3 Bg7 32. Bc7 Rd7 33. Bb8 a6 34. Ba7
Rd5 35. Bc5 Rf5 36. Rxf5 exf5 37. Bb4 b6 38. a4 a5 39. Be7 Rxc3 40. Bd8 Rb3 41.
Bc7 Bxd4 42. Rc1 c5 43. Bxb6 Rxb6 44. Kf1 Rb4 45. Re1 Rxa4 46. Re8+ Kg7 47. Ra8
Ra1+ 48. Ke2 Ra2+ 49. Kd3 Rxf2 50. Rxa5 Rxg2 51. Kc4 Rg3 52. Rxc5 Bxc5 53. Kxc5
Rxh3 54. Kd5 Re3 55. Kd4 0-1

[Event "ch-FRA Blitz Online Qual"]
[Site "Europe-Chess INT"]
[Date "2020.05.16"]
[Round "3"]
[White "Ghazaryan, Gurgen"]
[Black "Baudouin, Moise"]
[Result "1-0"]
[WhiteElo "1403"]
[BlackElo "1135"]
[WhiteFideId "45137609"]
[BlackFideId "45116369"]
[EventDate "2020.05.16"]

1. e4 e6 2. d4 d5 3. exd5 exd5 4. c4 Nf6 5. Nf3 Nc6 6. Bg5 Be7 7. Nc3 dxc4 8.
Bxc4 O-O 9. O-O Ng4 10. Bxe7 Qxe7 11. h3 Nf6 12. Re1 Qb4 13. Bb3 Bf5 14. Ne5
Nxe5 15. dxe5 Nd7 16. Nd5 Qc5 17. Rc1 Qa5 18. Nxc7 Rac8 19. Nd5 Rxc1 20. Qxc1
Qxd5 21. Bxd5 1-0

[Event "ch-FRA Blitz Online Qual"]
[Site "Europe-Chess INT"]
[Date "2020.05.16"]
[Round "3"]
[White "Minde, Timothe"]
[Black "Deschamps, Quentin"]
[Result "0-1"]
[WhiteElo "1075"]
[BlackElo "1908"]
[WhiteFideId "551015579"]
[BlackFideId "26010119"]
[EventDate "2020.05.16"]

1. e4 e6 2. d4 d5 3. e5 c5 4. c3 Qb6 5. Nf3 Nc6 6. Bd3 Bd7 7. Bc2 Nh6 8. O-O Nf5
9. Bxf5 exf5 10. b3 Be6 11. Bb2 Be7 12. Nbd2 O-O 13. Re1 Rac8 14. Qe2 Rfe8 15.
Nb1 f6 16. exf6 Bxf6 17. Na3 cxd4 18. cxd4 Nxd4 19. Nxd4 Bxd4 20. Bxd4 Qxd4 21.
Rad1 Qc5 22. Nb1 Bf7 23. Qd2 Rxe1+ 24. Rxe1 g6 25. h3 d4 26. Rd1 Rd8 27. b4 Qe5
28. a3 b5 29. Re1 Qd6 30. Rd1 Bc4 31. Qc2 d3 32. Qc3 Qd4 33. Qxd4 Rxd4 34. Nd2
Kf7 35. Nxc4 bxc4 36. Kf1 c3 37. Ke1 c2 38. Rc1 d2+ 39. Ke2 dxc1=Q 40. b5 Qd1+
41. Ke3 c1=Q# 0-1

[Event "ch-FRA Blitz Online Qual"]
[Site "Europe-Chess INT"]
[Date "2020.05.16"]
[Round "3"]
[White "Sallette, Alain"]
[Black "Rafalimanana, Hary"]
[Result "1-0"]
[WhiteElo "1831"]
[BlackElo "1238"]
[WhiteFideId "626570"]
[BlackFideId "551039257"]
[EventDate "2020.05.16"]

1. d4 g6 2. Bf4 Bg7 3. e3 c5 4. c3 cxd4 5. cxd4 Nf6 6. Bd3 O-O 7. Nd2 Nc6 8.
Ngf3 Nh5 9. Bg3 d5 10. Qb3 Nf6 11. h3 Nd7 12. Qxd5 e6 13. Qb3 Nb6 14. O-O Kh8
15. Rac1 f5 16. Ne5 Nxe5 17. dxe5 Bd7 18. Nc4 Nxc4 19. Bxc4 Re8 20. Rfd1 Qe7 21.
Rd6 Rac8 22. Rcd1 Rcd8 23. Qxb7 1-0

[Event "ch-FRA Blitz Online Qual"]
[Site "Europe-Chess INT"]
[Date "2020.05.16"]
[Round "3"]
[White "LHeritier, Boris"]
[Black "Albaladejo, Sylviane"]
[Result "1-0"]
[WhiteElo "1763"]
[BlackElo "1025"]
[WhiteFideId "26033003"]
[BlackFideId "20605218"]
[EventDate "2020.05.16"]

1. d4 d5 2. Nf3 Nc6 3. g3 Bg4 4. Bg2 Nf6 5. Ne5 Nxe5 6. dxe5 Bd7 7. exf6 exf6 8.
O-O Bc6 9. c4 Bc5 10. cxd5 Bb5 11. Qc2 b6 12. Nc3 Ba6 13. Re1 O-O 14. e4 Qd6 15.
Na4 Bxf2+ 16. Kxf2 b5 17. Nc3 Qc5+ 18. Be3 Qd6 19. Rac1 b4 20. Ne2 Rac8 21. Bc5
Qd7 22. Bxf8 Kxf8 23. Qc6 Qxc6 24. Rxc6 Bb5 25. Rc5 Bd3 26. Nf4 Ba6 27. Rec1 g5
28. Nh5 Bd3 29. Rxc7 Rxc7 30. Rxc7 a5 31. Nxf6 Kg7 32. e5 Bf5 33. d6 Be6 34. Bd5
h5 35. Bxe6 Kg6 36. Rxf7 g4 37. d7 1-0

[Event "ch-FRA Blitz Online Qual"]
[Site "Europe-Chess INT"]
[Date "2020.05.16"]
[Round "3"]
[White "Le Neindre, Yael"]
[Black "Bourgeois, Ludovic"]
[Result "1-0"]
[WhiteElo "1258"]
[BlackElo "1748"]
[WhiteFideId "551064260"]
[BlackFideId "690678"]
[EventDate "2020.05.16"]

1. d4 g6 2. c4 Bg7 3. Nc3 c5 4. d5 Bxc3+ 5. bxc3 Qa5 6. Bd2 Nf6 7. e3 d6 8. Bd3
e5 9. e4 Nbd7 10. Nf3 Nb6 11. O-O Bd7 12. Re1 Qa6 13. Qb3 Ba4 14. Qb1 Nxc4 15.
Bg5 Nh5 16. Qc1 Bd7 17. Nd2 b5 18. Nxc4 bxc4 19. Bf1 O-O 20. Be2 Ng7 21. Bf6 Ne8
22. Be7 f5 23. Bxf8 Kxf8 24. Qh6+ Kg8 25. exf5 Bxf5 26. h4 Nf6 27. Qg5 Rf8 28.
g4 Ne4 29. Qe3 Bd7 30. Qxe4 Rf4 31. Qg2 Qa3 32. Rec1 Qb2 33. Re1 Qxc3 34. f3
Qd4+ 35. Kh1 Qxd5 36. h5 g5 37. h6 Bc6 38. Rf1 Qd4 39. Rac1 e4 40. Bxc4+ Kf8 41.
Qf2 Rxf3 42. Qxd4 cxd4 43. Rxf3+ exf3 44. Rf1 Ke7 45. Kh2 Kf6 46. Kg3 Ke5 47.
Rf2 1-0

[Event "ch-FRA Blitz Online Qual"]
[Site "Europe-Chess INT"]
[Date "2020.05.16"]
[Round "3"]
[White "Colette, Thierry"]
[Black "Berger, Justin"]
[Result "0-1"]
[WhiteElo "1411"]
[BlackElo "1735"]
[WhiteFideId "36056758"]
[BlackFideId "45115095"]
[EventDate "2020.05.16"]

1. e4 c5 2. Nc3 e6 3. g3 Nc6 4. Bg2 g6 5. f4 Bg7 6. Nf3 Nge7 7. O-O d5 8. exd5
exd5 9. d3 O-O 10. Re1 Bg4 11. Rf1 Nd4 12. Be3 Nxf3+ 13. Bxf3 Bxf3 14. Rxf3 d4
15. Ne4 dxe3 16. Rxe3 Bd4 17. Nf6+ Bxf6 18. Kh1 Qd5+ 19. Qf3 Qxf3+ 20. Rxf3 Nf5
21. Re1 Rfe8 22. Ref1 Nd4 23. R3f2 Re2 24. Rxe2 Nxe2 25. Rf2 Re8 26. Kg2 Nd4 27.
Rd2 Re2+ 28. Rxe2 Nxe2 29. Kf2 Nd4 30. c3 Nb5 31. Kf3 Nd6 32. Ke2 Kf8 33. c4 Ke7
34. b3 Nf5 35. g4 Nd4+ 36. Kd2 h5 37. gxh5 gxh5 38. h3 Bh4 39. Kc3 f5 0-1

[Event "ch-FRA Blitz Online Qual"]
[Site "Europe-Chess INT"]
[Date "2020.05.16"]
[Round "3"]
[White "Ogier, Daniil"]
[Black "Barraud, Mickael"]
[Result "0-1"]
[WhiteElo "1059"]
[BlackElo "1733"]
[WhiteFideId "45187398"]
[BlackFideId "696137"]
[EventDate "2020.05.16"]

1. e4 e6 2. d4 d5 3. e5 c5 4. c3 Qb6 5. Nf3 Nc6 6. Bd3 Bd7 7. O-O cxd4 8. cxd4
Rc8 9. Nc3 Nge7 10. Nb5 Ng6 11. Bg5 a6 12. Nc3 Nxd4 13. Nxd4 Qxd4 14. Bxg6 Qxd1
15. Bxf7+ Kxf7 16. Raxd1 Bb4 17. Rc1 h6 18. Bh4 g5 19. Bg3 h5 20. h4 g4 21. a3
Bxc3 22. bxc3 Rc4 23. f4 Rhc8 24. Be1 Ra4 25. Ra1 Rcc4 26. g3 Re4 27. Rb1 b5 28.
Ra1 Re2 29. Rf2 Rae4 30. Rxe2 Rxe2 31. Kf1 Re3 32. Kf2 Rf3+ 33. Ke2 Kg6 34. a4
bxa4 35. Kd2 Kf5 36. Ke2 Bb5+ 37. Kd2 Ke4 38. Kc2 Re3 39. Bf2 Re2+ 40. Kd1 Rxf2
41. Ke1 Rf1+ 42. Kd2 Rxa1 43. Kc2 Bc4 44. f5 Kxe5 45. f6 Kxf6 46. Kb2 Ra2+ 47.
Kb1 Rg2 48. Kc1 a3 49. Kb1 a2+ 50. Ka1 Rxg3 51. Kb2 Rg1 52. Kc2 a1=Q 53. Kd2 Rg3
54. Kc2 Rg2# 0-1

[Event "ch-FRA Blitz Online Qual"]
[Site "Europe-Chess INT"]
[Date "2020.05.16"]
[Round "3"]
[White "Rapaire, Jean-Michel"]
[Black "Rieger, Emmanuel"]
[Result "1-0"]
[WhiteElo "1742"]
[BlackElo "1306"]
[WhiteFideId "5400023"]
[BlackFideId "551000091"]
[EventDate "2020.05.16"]

1. e4 e5 2. Nf3 d6 3. Bc4 Ne7 4. h3 Nbc6 5. a3 g6 6. Ng5 Be6 7. Bxe6 fxe6 8.
Nxe6 Qd7 9. Nxf8 Rxf8 10. d3 O-O-O 11. Be3 Rf7 12. Qg4 Rdf8 13. Qxd7+ Kxd7 14.
Nd2 Nd4 15. O-O-O c5 16. Bxd4 exd4 17. f3 b5 18. b3 a5 19. Kb2 d5 20. Rde1 Nc6
21. exd5 b4 22. dxc6+ Kxc6 23. a4 Kd5 24. Nc4 Ra7 25. Re5+ Kc6 26. Rhe1 Rb8 27.
Re6+ Kb7 28. Re7+ Ka8 29. Rxa7+ Kxa7 30. Re7+ Ka6 31. Re6+ Ka7 32. Nxa5 Rb5 33.
Nc6+ Kb6 34. axb5 Kxb5 35. Nxd4+ Ka5 36. Nc6+ Kb5 37. c4+ Ka6 38. Nxb4+ Ka5 39.
Kc3 h5 40. Ra6# 1-0

[Event "ch-FRA Blitz Online Qual"]
[Site "Europe-Chess INT"]
[Date "2020.05.16"]
[Round "3"]
[White "Maged, Gabriel"]
[Black "Genot, Jean-Paul"]
[Result "0-1"]
[WhiteElo "1218"]
[BlackElo "1673"]
[WhiteFideId "551008629"]
[BlackFideId "45150940"]
[EventDate "2020.05.16"]

1. e4 c5 2. Nf3 g6 3. d4 cxd4 4. Nxd4 Nc6 5. Nc3 Bg7 6. Be3 Nf6 7. Bc4 O-O 8.
O-O Nxe4 9. Nxe4 d5 10. Nxc6 bxc6 11. Bxd5 cxd5 12. Nc3 Ba6 13. Ne2 Bxb2 14. Rb1
Bg7 15. Re1 e5 16. Bc5 Re8 17. Nc3 Bc4 18. Rb7 Qc8 19. Re7 Qxc5 20. Rxe8+ Rxe8
21. Na4 Qa5 22. Nc3 Qxc3 0-1

[Event "ch-FRA Blitz Online Qual"]
[Site "Europe-Chess INT"]
[Date "2020.05.16"]
[Round "3"]
[White "Minde, Baptiste"]
[Black "Shved, Jakov"]
[Result "1-0"]
[WhiteElo "1210"]
[BlackElo "1667"]
[WhiteFideId "45172110"]
[BlackFideId "45178194"]
[EventDate "2020.05.16"]

1. d4 d5 2. Nf3 c5 3. c3 Nf6 4. e3 Bf5 5. Bd3 Bg6 6. O-O Nc6 7. Qe2 e6 8. Nbd2
Be7 9. Re1 O-O 10. e4 dxe4 11. Nxe4 cxd4 12. cxd4 Nxd4 13. Nxd4 Qxd4 14. Be3 Qe5
15. f4 Qh5 16. Nxf6+ Bxf6 17. Qxh5 Bxh5 18. Rab1 Rfd8 19. Be4 Rd7 20. h3 a6 21.
g4 Bg6 22. Bxg6 hxg6 23. g5 Bd4 24. Bxd4 Rxd4 25. Rf1 Rd2 26. Rfd1 Rad8 27. Rxd2
Rxd2 28. a3 Kf8 29. h4 Ke7 30. b4 Kd6 31. Rc1 Kd5 32. Rc7 Ke4 33. Rxf7 Ra2 34.
Rxg7 Kxf4 35. Rxg6 Kg3 36. Rf6 Kxh4 37. g6 Ra1+ 38. Rf1 Ra2 39. g7 Rxa3 40. g8=Q
Rg3+ 41. Qxg3+ Kxg3 42. Re1 Kf4 43. Rxe6 Kf5 44. Re7 Kf6 45. Rxb7 Ke6 46. Rb6+
Kd5 47. Rxa6 Kc4 48. Rb6 Kd5 49. b5 Kc5 50. Rb8 Kd6 51. b6 Kc6 52. b7 Kc7 53.
Rd8 Kxb7 54. Kf2 Kc7 55. Rd1 Kc6 56. Ke3 Kc7 57. Ke4 Kc6 58. Ke5 Kc7 59. Ke6 Kc6
60. Rc1+ Kb7 61. Kd6 Kb6 62. Rb1+ Ka7 63. Kc6 Ka6 64. Ra1# 1-0

[Event "ch-FRA Blitz Online Qual"]
[Site "Europe-Chess INT"]
[Date "2020.05.16"]
[Round "3"]
[White "Kuhn, Mathilde"]
[Black "Abiven, Pierre-Louis"]
[Result "1-0"]
[WhiteElo "1764"]
[BlackElo "1200"]
[WhiteFideId "36099783"]
[BlackFideId "45168016"]
[EventDate "2020.05.16"]

1. e4 e5 2. Nf3 Nc6 3. d4 exd4 4. Bc4 h6 5. Nxd4 Bc5 6. Nxc6 bxc6 7. Bxf7+ Kxf7
8. Qh5+ Kf8 9. Qxc5+ Qe7 10. Qc4 a5 11. Nc3 Nf6 12. O-O Ba6 13. Qd4 Bxf1 14.
Kxf1 c5 15. Qd3 Qd6 16. Qf3 Ke7 17. Bf4 Qb6 18. b3 g5 19. Bg3 Rhf8 20. e5 Nh7
21. Qxa8 Rxa8 22. Nd5+ Ke6 23. Nxb6 cxb6 24. Rd1 h5 25. Rd6+ Ke7 26. Rxb6 h4 27.
Rh6 Nf8 28. Bxh4 gxh4 29. Rxh4 Ng6 30. Rc4 Rc8 31. f4 Ke6 32. g4 Kd5 33. Ra4 Ra8
34. Ke2 Rf8 35. Ke3 Nh4 36. Kf2 Ng6 37. Kg3 Ra8 38. h4 Nxe5 39. fxe5 Kxe5 40.
Rc4 Kd5 41. Rf4 d6 42. c4+ Kc6 43. g5 a4 44. g6 axb3 45. axb3 Ra3 46. Rf3 Ra7
47. h5 Rg7 48. Rf7 Rg8 49. g7 Kb6 50. h6 Ra8 51. Rf8 Ra3 52. g8=Q Rxb3+ 53. Kh4
Rb1 54. Rb8+ Kc6 55. Rxb1 d5 56. Qxd5+ Kc7 57. Rb7+ Kc8 58. Qd7# 1-0